UFC Light Heavyweight Champions - Statistics

General Stats
  • This quiz has been taken 196 times
    15 since last reset
  • The average score is 18 of 22
Answer Stats
Year Light Heavyweight % Correct
2026-2025 Alex Pereira
100%
2025-2023 Alex Pereira
100%
2018-2015 Daniel Cormier
100%
2023 Jamahal Hill
100%
2022 Jiří Procházka
100%
2020-2018 Jon Jones
100%
2015-2011 Jon Jones
100%
2021 Glover Teixeira
93%
2025 Magomed Ankalaev
93%
2026 (incumbent) Carlos Ulberg
87%
2007-2005 Chuck Liddell
80%
2020 Jan Błachowicz
80%
2000-1999 Tito Ortiz
80%
2010-2009 Lyoto Machida
67%
2011-2010 Maurício Rua
67%
2008-2007 Quinton Jackson
67%
2005-2004 Randy Couture
67%
2003-2000 Randy Couture
67%
1999-1997 Frank Shamrock
60%
2009-2008 Rashad Evans
60%
2008 Forrest Griffin
53%
2004-2003 Vitor Belfort
47%
No matching quizzes found
Score Distribution
Percent of People with Each Score
Percentile by Number Answered
Your Score History
You have not taken this quiz since the last reset